[Event "I Taça Litoral"]
[Site "S Martinho Porto POR"]
[Date "2018.09.18"]
[Round "5.18"]
[White "Dias, José"]
[Black "Fonseca, René Gil"]
[Result "1-0"]
[WhiteElo "1622"]
[BlackElo "1392"]
[WhiteFideId "1923943"]
[BlackFideId "1957767"]
[WhiteCountry "POR"]
[BlackCountry "POR"]
[PlyCount "71"]


1. d4 Nf6 2. Bf4 d5 3. e3 Bf5 4. Nf3 e6 5. h3 Bd6 6. Ne5 Nbd7 7. Nd2 Ke7 8. g4
Be4 9. f3 Bg6 10. Bg3 c5 11. c3 Qb6 12. Qb3 Qxb3 13. axb3 cxd4 14. exd4 Ne8 15.
h4 f6 16. Nxg6+ hxg6 17. f4 g5 18. h5 gxf4 19. Bh4 Kf7 20. Bg2 Nc7 21. Nf3 e5
22. dxe5 fxe5 23. O-O-O Be7 24. Ng5+ Bxg5 25. Bxg5 Nb6 26. Kc2 Ke6 27. Rhe1 Rhf8
28. Rf1 Rac8 29. Rde1 Nd7 30. Bxf4 e4 31. Bh3 Ke7 32. Bg5+ Kd6 33. Bh4 Kc6 34.
g5 Rxf1 35. Rxf1 Rf8 36. Bxd7+ 1-0

[Event "I Taça Litoral"]
[Site "S Martinho Porto POR"]
[Date "2018.09.18"]
[Round "5.19"]
[White "Coimbra, João"]
[Black "Oliveira, Fernando Alves"]
[Result "0-1"]
[WhiteElo "1429"]
[BlackElo "1586"]
[WhiteFideId "1901435"]
[BlackFideId "1947869"]
[WhiteCountry "POR"]
[BlackCountry "POR"]
[PlyCount "150"]


1. e3 d5 2. c3 Nf6 3. Be2 e6 4. Qa4+ Nbd7 5. Nf3 Be7 6. d4 a6 7. a3 O-O 8. Nbd2
c5 9. b4 cxd4 10. exd4 Nb6 11. Qb3 Bd7 12. Qa2 Rc8 13. Bb2 Bb5 14. Bxb5 axb5 15.
O-O Bd6 16. Rfe1 Ng4 17. h3 Nf6 18. Ne5 Nfd7 19. Nd3 Qg5 20. Nf3 Qf5 21. Nc5 Rc7
22. Bc1 Nc4 23. Qe2 b6 24. Nxd7 Rxd7 25. Be3 h6 26. a4 bxa4 27. Rxa4 Rc7 28.
Rea1 Rfc8 29. Ra8 Rxa8 30. Rxa8+ Kh7 31. g4 Qb1+ 32. Kg2 Qe4 33. Ra2 Nxe3+ 34.
fxe3 Rxc3 35. Kf2 Bxb4 36. Rb2 Ba5 37. g5 Qf5 38. gxh6 gxh6 39. h4 Rc1 40. Kg2
Qg4+ 41. Kf2 Rh1 42. Ng5+ Qxg5 43. hxg5 Rh2+ 44. Kf3 Rxe2 45. Rxe2 hxg5 46. Kg4
Kg6 47. Rc2 f5+ 48. Kf3 b5 49. Rc5 g4+ 50. Ke2 Kg5 51. Rxb5 Bc7 52. Rb7 Bh2 53.
Rb1 f4 54. exf4+ Kxf4 55. Kd3 g3 56. Rf1+ Kg4 57. Rf6 g2 58. Rg6+ Kf3 59. Rf6+
Bf4 60. Rg6 Kf2 61. Rf6 g1=Q 62. Rxf4+ Ke1 63. Rf6 Qg3+ 64. Kc2 Qg2+ 65. Kb3 Qe4
66. Ka2 e5 67. dxe5 Qxe5 68. Rc6 Kd2 69. Rb6 d4 70. Rb2+ Kd3 71. Rb1 Qa5+ 72.
Kb2 Kd2 73. Rh1 Qb6+ 74. Ka3 Qa6+ 75. Kb2 Qb7+ 0-1

[Event "I Taça Litoral"]
[Site "S Martinho Porto POR"]
[Date "2018.09.18"]
[Round "5.20"]
[White "Ferreira, Cristina"]
[Black "Fernandes, Martim Bernardo"]
[Result "0-1"]
[WhiteElo "1134"]
[BlackElo "1092"]
[WhiteFideId "1963082"]
[BlackFideId "1960547"]
[WhiteCountry "POR"]
[BlackCountry "POR"]
[PlyCount "98"]


1. d4 Nf6 2. Nc3 d6 3. Nf3 g6 4. e4 Bg4 5. Be2 c6 6. O-O d5 7. e5 Nfd7 8. Bf4
Bg7 9. Qd2 O-O 10. h3 Bxf3 11. Bxf3 Nb6 12. b3 e6 13. Bg5 Qc7 14. Rae1 N8d7 15.
Nd1 c5 16. c3 cxd4 17. cxd4 Rac8 18. Be2 Qc2 19. Qe3 a5 20. Bd3 Qxa2 21. Bb5 Qc2
22. Re2 Qc7 23. Qd3 h6 24. Bh4 g5 25. Bg3 Na8 26. f4 gxf4 27. Bxf4 f5 28. Qe3
Kh7 29. Qf3 Qd8 30. Qh5 Nc7 31. Rf3 Nxb5 32. Be3 Qe8 33. Qh4 h5 34. Rg3 Rh8 35.
Rg5 Kg8 36. Rf2 Kf8 37. Rgxf5+ exf5 38. Rxf5+ Kg8 39. Bh6 Rxh6 40. Ne3 Rc1+ 41.
Kh2 Rc3 42. Nxd5 Rxb3 43. Nf6+ Nxf6 44. exf6 Bxf6 45. Qg5+ Bxg5 46. Rxg5+ Kh7
47. Rd5 Qb8+ 48. g3 Qxg3+ 49. Kh1 Rb1# 0-1

[Event "I Taça Litoral"]
[Site "S Martinho Porto POR"]
[Date "2018.09.18"]
[Round "5.21"]
[White "Dong, Rafael"]
[Black "Martins, Domingos"]
[Result "1-0"]
[WhiteElo "1303"]
[BlackElo "1339"]
[WhiteFideId "1958038"]
[BlackFideId "1947389"]
[WhiteCountry "POR"]
[BlackCountry "POR"]
[PlyCount "67"]


1. c4 e5 2. g3 Nc6 3. Bg2 f5 4. Nc3 Nf6 5. e3 Bb4 6. Nd5 Be7 7. d4 e4 8. Nxe7
Nxe7 9. d5 d6 10. Ne2 O-O 11. b4 a6 12. Bb2 Qe8 13. Rc1 c6 14. Nc3 b5 15. dxc6
Qxc6 16. cxb5 axb5 17. Nxe4 Qxc1 18. Nxf6+ gxf6 19. Qxc1 Rxa2 20. Qd2 Rd8 21.
Bd5+ Kg7 22. Bxa2 Bb7 23. Rg1 Ng6 24. Bd5 Bc8 25. Qd4 Rf8 26. Bg2 Kh6 27. Qxd6
Rf7 28. Bxf6 Kh5 29. Bf3+ Kh6 30. h4 Rc7 31. Qxc7 Bd7 32. Qxd7 Ne7 33. Qxe7 f4
34. Qg7# 1-0

[Event "I Taça Litoral"]
[Site "S Martinho Porto POR"]
[Date "2018.09.18"]
[Round "6.1"]
[White "Ikkonikov, Vyacheslav"]
[Black "Pitschka, Claus"]
[Result "1-0"]
[WhiteElo "2551"]
[BlackElo "2262"]
[WhiteFideId "4100972"]
[BlackFideId "4617762"]
[WhiteTitle "GM"]
[BlackTitle "FM"]
[WhiteCountry "RUS"]
[BlackCountry "GER"]
[PlyCount "87"]

1. d4 c5 2. d5 f5 3. g3 Nf6 4. Bg2 g6 5. Nh3 Bg7 6. O-O d6 7. Nc3 Na6 8. Nf4 Nc7
9. e4 O-O 10. a4 Rb8 11. Re1 a6 12. a5 Nb5 13. Nxb5 axb5 14. exf5 Bxf5 15. h3
Ra8 16. Bd2 Ne8 17. c3 Be5 18. g4 Bd7 19. Nd3 Bf6 20. Bh6 Bg7 21. Qd2 Rf7 22. b4
c4 23. Bxg7 Nxg7 24. Nf4 Qc8 25. Ne6 Bxe6 26. dxe6 Rf6 27. Qd5 Rb8 28. Qxb5 Nxe6
29. Bd5 Kf8 30. Bxe6 Rxe6 31. Rxe6 Qxe6 32. a6 Qe4 33. Qb6 Qc6 34. a7 Ra8 35.
Qd4 e5 36. Qe3 Kg7 37. f4 Qc7 38. fxe5 dxe5 39. Qc5 Qxc5+ 40. bxc5 Kf6 41. Kf2
Ke6 42. Ke3 Kd5 43. Ra5 Kc6 44. Ke4 1-0

[Event "I Taça Litoral"]
[Site "S Martinho Porto POR"]
[Date "2018.09.18"]
[Round "6.2"]
[White "Morais, Vítor"]
[Black "Grigore, George-Gabriel"]
[Result "0-1"]
[WhiteElo "1893"]
[BlackElo "2486"]
[WhiteFideId "1900552"]
[BlackFideId "1200186"]
[WhiteTitle "NM"]
[BlackTitle "GM"]
[WhiteCountry "POR"]
[BlackCountry "ROU"]
[PlyCount "94"]

1. b3 e5 2. Bb2 Nc6 3. e3 d6 4. c4 g6 5. Nf3 Bg7 6. Be2 f5 7. d3 Nf6 8. O-O O-O
9. a3 h6 10. Nc3 g5 11. Nd2 Be6 12. b4 Ne7 13. Rc1 Ng6 14. Qc2 g4 15. Rfd1 Rf7
16. f3 f4 17. Nf1 Qc8 18. Ne4 gxf3 19. Bxf3 Nh4 20. Nxf6+ Rxf6 21. Be4 f3 22.
gxf3 Nxf3+ 23. Kh1 Ng5 24. Bg2 Bg4 25. Rd2 Bf3 26. Ng3 Qh3 27. Rf1 Bxg2+ 28.
Rxg2 Rxf1+ 29. Nxf1 Rf8 30. Qe2 Rf7 31. Nd2 c6 32. Rf2 Rxf2 33. Qxf2 Qg4 34. Qf1
a6 35. Qe1 h5 36. Bc3 h4 37. Qg1 Qh5 38. c5 d5 39. Qf1 h3 40. Kg1 Qg4+ 41. Kf2
d4 42. exd4 exd4 43. Bb2 Qf4+ 44. Ke1 Qxh2 45. Qf5 Qg3+ 46. Kd1 h2 47. Qc8+ Bf8
0-1

[Event "I Taça Litoral"]
[Site "S Martinho Porto POR"]
[Date "2018.09.18"]
[Round "6.3"]
[White "Sharma, Dinesh K"]
[Black "Osianu, Tudor"]
[Result "1-0"]
[WhiteElo "2276"]
[BlackElo "1978"]
[WhiteFideId "5004110"]
[BlackFideId "1212486"]
[WhiteTitle "IM"]
[WhiteCountry "IND"]
[BlackCountry "ROU"]
[PlyCount "79"]

1. e4 g6 2. d4 Bg7 3. Nc3 d6 4. Bg5 c6 5. Qd2 Nd7 6. f4 Qc7 7. Nf3 e5 8. dxe5
dxe5 9. f5 Ngf6 10. h3 b5 11. a3 a5 12. Bd3 Nc5 13. O-O Nxd3 14. cxd3 Ba6 15. b4
Nh5 16. Rfd1 f6 17. Be3 O-O 18. Bc5 Rfd8 19. Qf2 gxf5 20. exf5 Qd7 21. Bb6 axb4
22. axb4 Rdb8 23. Ne4 Bb7 24. Ba7 Rd8 25. Bb6 Rxa1 26. Rxa1 Rb8 27. Nc5 Qd5 28.
Ba7 Ra8 29. Nxb7 Qxd3 30. Na5 Bh6 31. Bc5 e4 32. Ne1 Qc3 33. Bd4 Qd2 34. Nb3
Qxf2+ 35. Kxf2 Ra4 36. Nc2 Nf4 37. Nc5 Nd3+ 38. Ke2 Nxb4 39. Rxa4 bxa4 40. Nxb4
1-0

[Event "I Taça Litoral"]
[Site "S Martinho Porto POR"]
[Date "2018.09.18"]
[Round "6.4"]
[White "van Riemsdijk, Herman"]
[Black "Sismeiro, Miguel"]
[Result "1-0"]
[WhiteElo "2270"]
[BlackElo "2014"]
[WhiteFideId "2100053"]
[BlackFideId "1950975"]
[WhiteTitle "IM"]
[WhiteCountry "BRA"]
[BlackCountry "POR"]
[PlyCount "67"]

1. e4 e5 2. Nf3 Nc6 3. Bb5 a6 4. Ba4 Nf6 5. O-O Be7 6. Re1 b5 7. Bb3 d6 8. c3
O-O 9. d4 Bg4 10. Be3 Bh5 11. Nbd2 exd4 12. cxd4 d5 13. e5 Ne4 14. Nxe4 dxe4 15.
Qc2 exf3 16. Qxc6 Rb8 17. Qe4 fxg2 18. d5 a5 19. a3 a4 20. Bd1 Bxd1 21. Raxd1 f5
22. Qxg2 Kh8 23. Rd3 b4 24. Red1 bxa3 25. bxa3 Rb3 26. d6 cxd6 27. exd6 Rxd3 28.
Rxd3 Bf6 29. d7 Qa5 30. Qd5 Qxd5 31. Rxd5 g6 32. Bd4 Kg7 33. d8=Q Rxd8 34. Rxd8
1-0

[Event "I Taça Litoral"]
[Site "S Martinho Porto POR"]
[Date "2018.09.18"]
[Round "6.5"]
[White "Bous, Florian"]
[Black "Schmitz, Manuela"]
[Result "1/2-1/2"]
[WhiteElo "2019"]
[BlackElo "1931"]
[WhiteFideId "4660412"]
[BlackFideId "4626001"]
[BlackTitle "WFM"]
[WhiteCountry "GER"]
[BlackCountry "GER"]
[PlyCount "105"]

1. d4 d5 2. c4 e6 3. Nf3 c6 4. Qc2 Nf6 5. e3 Ne4 6. Bd3 f5 7. Nc3 Be7 8. b3 Nd7
9. Bb2 O-O 10. O-O-O a5 11. h3 Nxc3 12. Bxc3 Bb4 13. Qd2 b6 14. Ne1 Bb7 15. Nc2
Bxc3 16. Qxc3 Qe7 17. g4 f4 18. e4 c5 19. exd5 exd5 20. Rhe1 Qh4 21. Bf5 Nf6 22.
Be6+ Kh8 23. cxd5 Bxd5 24. Bxd5 Nxd5 25. Qf3 Nb4 26. dxc5 Nxc2 27. Kxc2 Rac8 28.
Re5 Qf6 29. Rdd5 bxc5 30. Qc3 a4 31. Rxc5 axb3+ 32. axb3 Qa6 33. b4 Rxc5 34.
Rxc5 Qe2+ 35. Qd2 Qe4+ 36. Kc1 Qh1+ 37. Kb2 Qxh3 38. Qxf4 Ra8 39. Ra5 Rc8 40.
Qc4 Rf8 41. Rf5 Ra8 42. Ra5 Rf8 43. Qd4 Qf1 44. Rf5 Ra8 45. Kb3 Qb1+ 46. Kc3
Qc1+ 47. Kd3 Qd1+ 48. Kc4 Qe2+ 49. Qd3 Qa2+ 50. Qb3 Qe2+ 51. Qd3 Qa2+ 52. Qb3
Qe2+ 53. Qd3 1/2-1/2

[Event "I Taça Litoral"]
[Site "S Martinho Porto POR"]
[Date "2018.09.18"]
[Round "6.6"]
[White "Pais, Bruno"]
[Black "Fernandes, Ricardo Paulos"]
[Result "1/2-1/2"]
[WhiteElo "1817"]
[BlackElo "2160"]
[WhiteFideId "1911341"]
[BlackFideId "1943464"]
[WhiteCountry "POR"]
[BlackCountry "POR"]
[PlyCount "119"]

1. d4 d6 2. c4 Nf6 3. Nc3 g6 4. h3 Bg7 5. e4 O-O 6. Bg5 Nbd7 7. Bd3 c5 8. d5 Qb6
9. Qd2 Ne5 10. Be2 e6 11. Nf3 Nxf3+ 12. Bxf3 exd5 13. cxd5 Re8 14. O-O a6 15.
Rfe1 Qa7 16. a4 Nd7 17. a5 b5 18. axb6 Nxb6 19. Be2 Qd7 20. Bd3 Bb7 21. Bc2 Nc4
22. Qc1 Qc7 23. Ba4 Reb8 24. Rb1 Bc8 25. b3 Na5 26. Bh6 Bh8 27. Ne2 Bd7 28. Qc2
Bxa4 29. bxa4 c4 30. Bd2 Nb3 31. Bc3 Qc5 32. Bxh8 Kxh8 33. Qc3+ Kg8 34. Nc1 Qb4
35. Ne2 Qxa4 36. Qf6 Qd7 37. Nc3 Qd8 38. Qf4 f6 39. h4 Qe7 40. Qg3 a5 41. h5 Kh8
42. hxg6 Rg8 43. Nb5 Rad8 44. Qc3 Rxg6 45. Nd4 Rdg8 46. g3 Nc5 47. Nf5 Qe5 48.
Qxe5 fxe5 49. Ne7 Nd3 50. Nxg6+ hxg6 51. Re3 Rc8 52. Kf1 Nb4 53. Rc3 Rc5 54. Ke2
Kg7 55. Ke3 Kf6 56. f4 Rb5 57. Kd2 Rc5 58. Ke3 Rb5 59. Kd2 Rc5 60. Ke3 1/2-1/2

[Event "I Taça Litoral"]
[Site "S Martinho Porto POR"]
[Date "2018.09.18"]
[Round "6.7"]
[White "Basílio, Rodrigo"]
[Black "Lochte, Thomas"]
[Result "1/2-1/2"]
[WhiteElo "1669"]
[BlackElo "2071"]
[WhiteFideId "1941380"]
[BlackFideId "4606272"]
[WhiteCountry "POR"]
[BlackCountry "GER"]
[PlyCount "47"]

1. e4 e5 2. Nf3 Nc6 3. Bc4 Nf6 4. Ng5 d5 5. exd5 Nd4 6. d6 Qxd6 7. Bxf7+ Ke7 8.
Bb3 Nxb3 9. axb3 h6 10. Nf3 e4 11. Ng1 Bg4 12. Ne2 Kf7 13. Nbc3 Re8 14. d4 exd3
15. Qxd3 Qxd3 16. cxd3 Bb4 17. Be3 Nd5 18. Kd2 Rhf8 19. h3 Bxe2 20. Kxe2 Bxc3
21. bxc3 Nxc3+ 22. Kd2 Nb5 23. Bc5 Rg8 24. Rhe1 1/2-1/2

[Event "I Taça Litoral"]
[Site "S Martinho Porto POR"]
[Date "2018.09.18"]
[Round "6.8"]
[White "Schmitz, Andreas"]
[Black "February, Jesse"]
[Result "1-0"]
[WhiteElo "2008"]
[BlackElo "1933"]
[WhiteFideId "4609875"]
[BlackFideId "14312336"]
[WhiteTitle "CM"]
[BlackTitle "WIM"]
[WhiteCountry "GER"]
[BlackCountry "RSA"]
[PlyCount "61"]

1. e4 e6 2. d4 d5 3. exd5 exd5 4. Nf3 Bd6 5. Be2 Nc6 6. O-O Nge7 7. b3 Bg4 8. c4
dxc4 9. bxc4 Bxf3 10. Bxf3 Nxd4 11. Bxb7 Rb8 12. Bd5 c5 13. Nc3 O-O 14. f4 Rb4
15. Ba3 Nxd5 16. cxd5 Rc4 17. Rc1 Qa5 18. Bb2 Rb4 19. Ba1 Nf5 20. Qd3 Ne7 21.
Ne4 Bb8 22. Ng5 Ng6 23. Qc3 f6 24. Ne6 Rf7 25. Qxc5 Rb5 26. Qc8+ Nf8 27. Nxf8
Rxf8 28. Qe6+ Kh8 29. Rc8 Bd6 30. Rfc1 Rxd5 31. Qxd6 1-0

[Event "I Taça Litoral"]
[Site "S Martinho Porto POR"]
[Date "2018.09.18"]
[Round "6.9"]
[White "Lopez De Turiso, José Angel"]
[Black "Vonach, Bernard"]
[Result "1/2-1/2"]
[WhiteElo "1942"]
[BlackElo "1894"]
[WhiteFideId "2207680"]
[BlackFideId "4680243"]
[WhiteCountry "ESP"]
[BlackCountry "GER"]
[PlyCount "44"]

1. d4 c5 2. c3 Nf6 3. Nf3 e6 4. e3 b6 5. Nbd2 Bb7 6. Bd3 d5 7. Ne5 Bd6 8. f4 O-O
9. Qe2 Ne4 10. O-O f6 11. Nef3 Nd7 12. c4 Qe7 13. b3 cxd4 14. Nxd4 f5 15. Bb2
Ndc5 16. Rad1 Rac8 17. cxd5 Nxd3 18. Qxd3 exd5 19. N4f3 Nc5 20. Qd4 Ne6 21. Qd3
Nc5 22. Qd4 Ne6 1/2-1/2

[Event "I Taça Litoral"]
[Site "S Martinho Porto POR"]
[Date "2018.09.18"]
[Round "6.10"]
[White "Schleime, Franz-Joseph"]
[Black "Grüttner, Ralf"]
[Result "0-1"]
[WhiteElo "1696"]
[BlackElo "2133"]
[WhiteFideId "24641740"]
[BlackFideId "4638158"]
[WhiteCountry "GER"]
[BlackCountry "GER"]
[PlyCount "50"]

1. d4 c5 2. e3 Nf6 3. Nf3 e6 4. Bd3 d5 5. b3 Be7 6. O-O O-O 7. Nbd2 Nc6 8. Bb2
b6 9. a3 Bb7 10. Qe2 Rc8 11. Ne5 Nxe5 12. dxe5 Nd7 13. f4 g6 14. Rac1 f5 15. g4
Qe8 16. g5 Nb8 17. h4 Rf7 18. h5 Bf8 19. h6 a6 20. Qf2 c4 21. bxc4 dxc4 22. Nxc4
Rxc4 23. e4 Rc8 24. exf5 Bc5 25. Bd4 Qc6 0-1

[Event "I Taça Litoral"]
[Site "S Martinho Porto POR"]
[Date "2018.09.18"]
[Round "6.11"]
[White "Oliveira, Tomás"]
[Black "Haase, Georg"]
[Result "1-0"]
[WhiteElo "1596"]
[BlackElo "1946"]
[WhiteFideId "1929216"]
[BlackFideId "12998265"]
[WhiteCountry "POR"]
[BlackCountry "GER"]
[PlyCount "149"]

1. c4 Nf6 2. g3 c6 3. Nf3 e6 4. d4 d5 5. cxd5 exd5 6. Bg2 Be7 7. O-O Nbd7 8. Qc2
O-O 9. Nc3 Bd6 10. a3 Re8 11. Bg5 h6 12. Bxf6 Qxf6 13. Rfe1 Bc7 14. Nxd5 cxd5
15. Qxc7 Qb6 16. Qxb6 Nxb6 17. e3 Be6 18. b3 Rac8 19. Rac1 a5 20. Rc5 Nd7 21.
Rcc1 a4 22. b4 Nb6 23. Bf1 Nc4 24. Bxc4 dxc4 25. Rc3 b5 26. Nd2 Rcd8 27. f3 Bf5
28. Kf2 Bd3 29. Nb1 Rd6 30. Rcc1 Bxb1 31. Rxb1 f5 32. Rbc1 h5 33. h4 Kf7 34.
Rcd1 Rc8 35. Re2 Rcd8 36. Red2 g6 37. e4 fxe4 38. fxe4 c3 39. Rc2 Rxd4 40. Rxd4
Rxd4 41. Ke3 Rd1 42. Rxc3 Ke6 43. Rc6+ Kf7 44. Rc5 Ra1 45. Rc3 Rd1 46. Rd3 Rb1
47. Kd4 Ke6 48. Kc5 Rb3 49. Rd6+ Kf7 50. Kxb5 Rxa3 51. Ra6 Rxg3 52. Rxa4 Rg4 53.
Ka5 Rxh4 54. b5 Ke6 55. b6 Rf4 56. b7 Rf8 57. Kb6 Rb8 58. Kc7 Rxb7+ 59. Kxb7 h4
60. Ra6+ Kf7 61. e5 h3 62. Ra3 Ke6 63. Rxh3 Kxe5 64. Rg3 Kf5 65. Kc6 g5 66. Kd5
Kf4 67. Rg1 g4 68. Kd4 Kf3 69. Kd3 g3 70. Rf1+ Kg2 71. Rf8 Kh2 72. Ke2 g2 73.
Rh8+ Kg1 74. Rg8 Kh2 75. Kf2 1-0

[Event "I Taça Litoral"]
[Site "S Martinho Porto POR"]
[Date "2018.09.18"]
[Round "6.12"]
[White "Oster, Jean-Marie"]
[Black "Castanheira, António"]
[Result "0-1"]
[WhiteElo "1479"]
[BlackElo "1905"]
[WhiteFideId "638013"]
[BlackFideId "1901788"]
[WhiteCountry "FRA"]
[BlackCountry "POR"]
[PlyCount "72"]

1. Nf3 d5 2. c4 e6 3. e3 Nf6 4. d4 c6 5. Nc3 Bd6 6. a3 O-O 7. c5 Bc7 8. b4 a6 9.
Bb2 Nbd7 10. Be2 e5 11. dxe5 Nxe5 12. Nd4 Bg4 13. f3 Bh5 14. O-O g5 15. Qc2 Bg6
16. e4 Nh5 17. Nf5 Bxf5 18. exf5 f6 19. Rad1 Nf4 20. Rfe1 Nxe2+ 21. Nxe2 Rf7 22.
Nd4 Qd7 23. Ne6 Re8 24. Bc1 h6 25. Qe2 Rfe7 26. Qf2 Nf7 27. Bb2 Be5 28. Bd4 Qc8
29. g4 Qb8 30. Be3 Nd8 31. f4 Bc7 32. Bd4 Nxe6 33. Bxf6 Nxf4 34. Qd2 Rxe1+ 35.
Rxe1 Be5 36. Qe3 Bd4 0-1

[Event "I Taça Litoral"]
[Site "S Martinho Porto POR"]
[Date "2018.09.18"]
[Round "6.13"]
[White "Hart, Alexander"]
[Black "Sperber, Ulrich"]
[Result "1-0"]
[WhiteElo "1901"]
[BlackElo "1838"]
[WhiteFideId "1735829"]
[BlackFideId "24697125"]
[WhiteCountry "SWE"]
[BlackCountry "GER"]
[PlyCount "61"]

1. b3 d5 2. Bb2 Nf6 3. e3 Bf5 4. Nf3 h6 5. c4 c6 6. Nc3 Nbd7 7. cxd5 cxd5 8. Rc1
a6 9. d4 e6 10. Bd3 Bxd3 11. Qxd3 Be7 12. O-O O-O 13. Rc2 Rc8 14. Rfc1 Rc6 15.
Na4 Rxc2 16. Qxc2 b5 17. Nc5 Nxc5 18. dxc5 b4 19. c6 Qc7 20. Qd3 a5 21. Qa6 Bd8
22. Be5 Qb6 23. Qc8 Ne4 24. c7 Nxf2 25. cxd8=Q Rxd8 26. Bd4 Qd6 27. Qc7 Qxc7 28.
Rxc7 Nd3 29. Kf1 f6 30. Ke2 e5 31. Kxd3 1-0

[Event "I Taça Litoral"]
[Site "S Martinho Porto POR"]
[Date "2018.09.18"]
[Round "6.14"]
[White "Amato, Giampiero"]
[Black "Selkirk, Rebecca"]
[Result "0-1"]
[WhiteElo "2031"]
[BlackElo "1733"]
[WhiteFideId "813303"]
[BlackFideId "14306514"]
[WhiteCountry "ITA"]
[BlackCountry "RSA"]
[PlyCount "64"]

1. d4 d5 2. Bg5 f6 3. Bh4 Nh6 4. e3 Nf5 5. Bg3 Nc6 6. Nc3 h5 7. Be2 g6 8. Bf3 e6
9. h3 Nxg3 10. fxg3 Qd6 11. Nge2 a6 12. Qd3 f5 13. O-O-O Na5 14. Rdf1 Nc4 15.
Nf4 Kf7 16. Nfxd5 Nxb2 17. Kxb2 exd5 18. Bxd5+ Kg7 19. e4 Qa3+ 20. Ka1 Bb4 21.
Bb3 c6 22. d5 Rf8 23. g4 fxe4 24. Nxe4 Bd7 25. Qd4+ Kh7 26. Nf6+ Rxf6 27. Rxf6
Rf8 28. c3 c5 29. Qe5 c4 30. Rxf8 Bxf8 31. Qc7 cxb3 32. Qxd7+ Bg7 0-1

[Event "I Taça Litoral"]
[Site "S Martinho Porto POR"]
[Date "2018.09.18"]
[Round "6.15"]
[White "Müller, Dieter"]
[Black "Krüger, Till"]
[Result "0-1"]
[WhiteElo "1632"]
[BlackElo "1948"]
[WhiteFideId "24699640"]
[BlackFideId "24647705"]
[WhiteCountry "GER"]
[BlackCountry "GER"]
[PlyCount "112"]

1. Nf3 Nf6 2. c4 d6 3. Nc3 e5 4. d3 Be7 5. g3 O-O 6. Bg2 c6 7. O-O h6 8. a3 a5
9. Bd2 Be6 10. Rc1 Na6 11. Na2 Nc5 12. a4 Qb6 13. Rb1 Qc7 14. b4 axb4 15. Bxb4
Nxa4 16. Nc3 Nxc3 17. Bxc3 Ra7 18. Qc2 Rfa8 19. Ra1 Rxa1 20. Rxa1 Rxa1+ 21. Bxa1
Qa5 22. Bc3 Qc5 23. Qa4 b5 24. Qa5 Nd7 25. Bb4 Qb6 26. Qa8+ Qb8 27. Qxc6 bxc4
28. Bd2 Qb1+ 29. Bf1 Bh3 30. Ne1 Be6 31. Qa8+ Bf8 32. Qa5 cxd3 33. Nxd3 Nf6 34.
f3 Nd5 35. Kf2 Qb6+ 36. Qxb6 Nxb6 37. e4 g6 38. f4 Nc4 39. Bb4 Nb6 40. f5 Bd7
41. Nb2 d5 42. Bxf8 Kxf8 43. g4 d4 44. Bd3 Ke7 45. h4 Na4 46. Nc4 Nc5 47. Bf1
Nxe4+ 48. Ke1 Nd6 49. Nxd6 Kxd6 50. Kd2 Kc5 51. Bd3 Bc6 52. Ke2 Bb5 53. h5 Bxd3+
54. Kxd3 Kd5 55. Kd2 e4 56. Ke2 Kc4 0-1

[Event "I Taça Litoral"]
[Site "S Martinho Porto POR"]
[Date "2018.09.18"]
[Round "6.16"]
[White "Kievelitz, Bernd"]
[Black "Heil, Rudolf"]
[Result "1-0"]
[WhiteElo "1842"]
[BlackElo "1737"]
[WhiteFideId "4602544"]
[BlackFideId "1271132"]
[WhiteCountry "GER"]
[BlackCountry "GER"]
[PlyCount "73"]

1. Nf3 c5 2. c4 g6 3. d4 cxd4 4. Nxd4 Bg7 5. Nc3 Nc6 6. e3 Nf6 7. Be2 O-O 8. O-O
a6 9. Nxc6 dxc6 10. Qc2 Qc7 11. e4 Ng4 12. Bxg4 Bxg4 13. Be3 Be6 14. Ne2 Rad8
15. Rad1 f5 16. Nd4 Bc8 17. exf5 Bxf5 18. Nxf5 gxf5 19. Rxd8 Qxd8 20. Rd1 Qc7
21. g3 e5 22. Bc5 Rf6 23. Qd3 Bf8 24. Bxf8 Rxf8 25. c5 Qe7 26. b4 Kg7 27. Qf3
Rd8 28. Rxd8 Qxd8 29. Qxf5 Qd1+ 30. Kg2 Qd5+ 31. Kh3 e4 32. Qxd5 cxd5 33. Kg4
Kf6 34. Kf4 Ke6 35. g4 Kf6 36. g5+ Ke6 37. h4 1-0

[Event "I Taça Litoral"]
[Site "S Martinho Porto POR"]
[Date "2018.09.18"]
[Round "6.17"]
[White "Simões, Miguel"]
[Black "Dias, José"]
[Result "1-0"]
[WhiteElo "1805"]
[BlackElo "1622"]
[WhiteFideId "1946307"]
[BlackFideId "1923943"]
[WhiteCountry "POR"]
[BlackCountry "POR"]
[PlyCount "111"]

1. e4 d5 2. exd5 Qxd5 3. Nc3 Qd6 4. d4 Nf6 5. Nf3 a6 6. g3 Bg4 7. Bg2 e6 8. O-O
Be7 9. Bf4 Qd8 10. Qd2 c6 11. Ne5 Bh5 12. Rfe1 O-O 13. h3 Nbd7 14. g4 Bg6 15.
Nxg6 hxg6 16. a3 Nb6 17. Qd3 Qd7 18. Be5 Rfe8 19. Rad1 Nbd5 20. Na4 Bd8 21. c4
Nb6 22. Nc5 Qc8 23. Qb3 Nfd7 24. Ne4 Bc7 25. Nd6 Bxd6 26. Bxd6 Qd8 27. c5 Nc8
28. Qxb7 Nxd6 29. cxd6 Rb8 30. Qc7 Rb6 31. Rc1 Qxc7 32. dxc7 Rc8 33. Rxc6 Rxc6
34. Bxc6 Rxc7 35. Bxd7 Rxd7 36. Rd1 Kf8 37. Kf1 a5 38. Ke2 Ke7 39. Kd3 e5 40.
Kc4 Rc7+ 41. Kb3 Rb7+ 42. Ka2 Ke6 43. Re1 f6 44. f4 Rb5 45. dxe5 fxe5 46. Rxe5+
Rxe5 47. fxe5 g5 48. Kb3 Kxe5 49. Ka4 Kf4 50. Kxa5 Kg3 51. b4 Kxh3 52. b5 Kxg4
53. b6 Kf3 54. b7 g4 55. b8=Q g3 56. Qg8 1-0

[Event "I Taça Litoral"]
[Site "S Martinho Porto POR"]
[Date "2018.09.18"]
[Round "6.18"]
[White "Hielscher, Ursula"]
[Black "Oliveira, Fernando Alves"]
[Result "1/2-1/2"]
[WhiteElo "1771"]
[BlackElo "1586"]
[WhiteFideId "4658965"]
[BlackFideId "1947869"]
[WhiteCountry "GER"]
[BlackCountry "POR"]
[PlyCount "77"]

1. d4 d5 2. c4 Nc6 3. Nc3 dxc4 4. e3 e5 5. d5 Nce7 6. Bxc4 a6 7. Nf3 Ng6 8. O-O
Bd6 9. Ne4 Be7 10. a4 Nf6 11. Nc3 O-O 12. Qc2 Bd6 13. Ne4 Bf5 14. Bd3 Nxe4 15.
Bxe4 Bxe4 16. Qxe4 f5 17. Qc2 Rc8 18. e4 f4 19. b3 Nh4 20. Nxh4 Qxh4 21. f3 Qe7
22. Bb2 h5 23. Qc4 g5 24. Ba3 Kh7 25. Bxd6 cxd6 26. Qd3 Qc7 27. Qd2 g4 28. Rac1
Qb6+ 29. Kh1 gxf3 30. Rxf3 Qd4 31. Qe1 Rxc1 32. Qxc1 Rc8 33. Qe1 Qb2 34. Rf1 Rg8
35. Qf2 Qxb3 36. Qh4 Kh6 37. Qf6+ Rg6 38. Qf8+ Kh7 39. Qf7+ 1/2-1/2

[Event "I Taça Litoral"]
[Site "S Martinho Porto POR"]
[Date "2018.09.18"]
[Round "6.19"]
[White "Nielsen, Jørgen"]
[Black "Fernandes, Martim Bernardo"]
[Result "1-0"]
[WhiteElo "1670"]
[BlackElo "1092"]
[WhiteFideId "1413279"]
[BlackFideId "1960547"]
[WhiteCountry "DEN"]
[BlackCountry "POR"]
[PlyCount "43"]

1. e4 c5 2. Nf3 e6 3. d4 cxd4 4. Nxd4 Nf6 5. Nc3 Bb4 6. Bd3 O-O 7. Bd2 a6 8. Qe2
b5 9. Nf3 d6 10. g4 Kh8 11. g5 Nfd7 12. O-O-O Bb7 13. Rhg1 Nc5 14. Rg4 Nxd3+ 15.
Qxd3 Bc5 16. Rh4 Bxf2 17. Rxh7+ Kxh7 18. g6+ fxg6 19. Ng5+ Kg8 20. Qh3 Qxg5 21.
Qxe6+ Kh8 22. Bxg5 1-0

[Event "I Taça Litoral"]
[Site "S Martinho Porto POR"]
[Date "2018.09.18"]
[Round "6.21"]
[White "Dong, Fábio"]
[Black "Coimbra, João"]
[Result "0-1"]
[WhiteElo "1289"]
[BlackElo "1429"]
[WhiteFideId "1958020"]
[BlackFideId "1901435"]
[WhiteCountry "POR"]
[BlackCountry "POR"]
[PlyCount "108"]

1. c4 e6 2. Nc3 c6 3. d4 h6 4. e4 Bb4 5. a3 Bxc3+ 6. bxc3 Ne7 7. Nf3 d5 8. Bd3
Nd7 9. Bf4 Nf6 10. e5 Nd7 11. O-O Nb6 12. c5 Nd7 13. Qc2 b5 14. a4 a6 15. axb5
cxb5 16. Bxb5 Bb7 17. Ba4 Bc6 18. Bxc6 Nxc6 19. Qa4 Qc8 20. c4 g5 21. cxd5 exd5
22. Be3 a5 23. Rfb1 Ke7 24. Qb5 Rb8 25. Qa4 Rxb1+ 26. Rxb1 Qc7 27. h3 Rb8 28.
Ra1 Rb4 29. Qa2 Ke6 30. Bd2 Rb5 31. Qa4 Qb7 32. Ne1 Ndb8 33. Nc2 Rb1+ 34. Rxb1
Qxb1+ 35. Kh2 Qb7 36. Ne3 Qa6 37. Qa2 Ne7 38. Qxa5 Qxa5 39. Bxa5 Nbc6 40. Bc3
Ng6 41. Ng4 h5 42. Nf6 h4 43. Ng4 Nf4 44. Ne3 Nd3 45. f3 Nf4 46. Kg1 Ne2+ 47.
Kf2 Nxc3 48. g3 Nb5 49. Ng2 hxg3+ 50. Kxg3 Nbxd4 51. f4 gxf4+ 52. Nxf4+ Kxe5 53.
h4 Nf5+ 54. Kg4 Nxh4 0-1